| 000 | 00852nam a2200289 u 4500 | ||
|---|---|---|---|
| 005 | 20240925065003.0 | ||
| 008 | 130806s2002 r 000 0 eng d | ||
| 020 | _a8497000625 | ||
| 035 | _aUPN01000191977 | ||
| 040 |
_aUPN _bspa _cUPN |
||
| 041 | 0 | _aspa | |
| 049 | _aCG | ||
| 050 | 4 |
_aLB1051 _bL37 2002 |
|
| 100 | 1 |
_aLatorre Latorre, Angel _933894 |
|
| 100 | 1 |
_aMarco Navarro, Candi _948152 |
|
| 245 | 1 | 0 |
_aPsicología escolar: _bProgramas de intervención |
| 260 |
_aMálaga, España : _bAljibe, _c2002. |
||
| 300 | _a165 páginas | ||
| 440 | 0 | _aTemas de Psicología | |
| 650 | 4 |
_aPsicología educativa _95197 |
|
| 650 | 4 |
_aPsicología del aprendizaje _95221 |
|
| 650 | 7 |
_aEducación secundaria _2 _94281 |
|
| 650 | 2 |
_aProgramas de mejoramiento escolar _96589 |
|
| 902 | _bNoemiAcosta/080323 | ||
| 905 | 1 | _aLibro | |
| 942 |
_2lcc _cLIBRO |
||
| 999 |
_c164080 _d164080 |
||